| 000 | 00420nam a2200145 i 4500 | ||
|---|---|---|---|
| 001 | 100288 | ||
| 003 | ES-MaACL | ||
| 005 | 20230906182638.0 | ||
| 007 | t| | ||
| 008 | 050926s1909 fr ||||1| fre d | ||
| 100 | 1 |
_aMarvaud, Angel. _978579 |
|
| 245 | 1 | 0 |
_aNotre commerce avec l'Espagne et le Portugal / _cpar Angel Marvaud et M. André, E. Sayons. |
| 260 |
_aParis : _b[s.n.], _c1909. |
||
| 852 |
_aES-MaACL _jT-1350-F-2 |
||
| 999 |
_c100288 _d100288 |
||